| Tag |
First Indicator |
Second Indicator |
Subfields |
| LEADER |
00000pam a2200000 a 4500 |
| 001 |
in00000076869 |
| 005 |
20151008054953.0 |
| 008 |
810716c19821981nyu 00010aeng |
| 010 |
|
|
|a 81047516
|
| 020 |
|
|
|a 0394517555
|
| 035 |
|
|
|a (OCoLC)07653715
|
| 035 |
|
|
|9 AAJ2193AM
|
| 039 |
0 |
|
|a 2
|b 3
|c 3
|d 3
|e 3
|
| 040 |
|
|
|a DLC
|c DLC
|d TXA
|d UtOrBLW
|
| 041 |
1 |
|
|a eng
|a ger
|
| 043 |
|
|
|a e-sz---
|
| 049 |
|
|
|a TXAM
|c [932982]
|
| 050 |
0 |
0 |
|a RC263.Z6713 1982
|
| 082 |
0 |
|
|a 616.99/4/00924
|a B
|2 19
|
| 100 |
1 |
|
|a Zorn, Fritz,
|d 1944-1976.
|
| 240 |
1 |
0 |
|a Mars.
|l English
|
| 245 |
1 |
0 |
|a Mars /
|c Fritz Zorn ; translated from the German by Robert & Rita Kimber ; afterword by Adolf Muschg.
|
| 250 |
|
|
|a 1st American ed.
|
| 264 |
|
1 |
|a New York :
|b Knopf,
|c 1982
|
| 264 |
|
4 |
|c ©1981
|
| 300 |
|
|
|a 241 pages ;
|c 22 cm.
|
| 336 |
|
|
|a text
|b txt
|2 rdacontent
|
| 337 |
|
|
|a unmediated
|b n
|2 rdamedia
|
| 338 |
|
|
|a volume
|b nc
|2 rdacarrier
|
| 500 |
|
|
|a Translation of: Mars.
|
| 600 |
1 |
0 |
|a Zorn, Fritz,
|d 1944-1976.
|
| 650 |
|
0 |
|a Cancer
|x Psychological aspects.
|
| 650 |
|
0 |
|a Cancer
|x Patients
|z Switzerland
|x Biography.
|
| 999 |
|
|
|a MARS
|
| 999 |
f |
f |
|s 95aaafc3-de4f-3d49-951b-92a05ee3fa45
|i a16a2914-20d2-3176-9210-77483babfff5
|t 0
|
| 952 |
f |
f |
|p ric
|a Texas A&M University
|b Rellis Campus
|c Joint Library Facility
|d Remote Storage
|t 0
|e RC263.Z6713 1982
|h Library of Congress classification
|i unmediated -- volume
|m A14806229112
|
| 998 |
f |
f |
|a RC263.Z6713 1982
|t 0
|l Remote Storage
|